|
|
|
|
| LEADER |
00000nab a2200000 a 4500 |
| 001 |
vtls011767481 |
| 003 |
SK-MaSNL |
| 005 |
20260319070819.0 |
| 008 |
180718|2018 xo m| | |00 0|hun |
| 038 |
|
|
|a KEVKJB
|
| 040 |
|
|
|a KEVKJB
|b slo
|e rda
|
| 041 |
0 |
|
|a hun
|
| 043 |
|
|
|a e-xo---
|
| 044 |
|
|
|a xo
|c SK
|
| 072 |
|
7 |
|a 656.2
|x Železničná doprava
|2 konspekt
|
| 080 |
|
|
|a 656.2
|2 2011
|
| 100 |
1 |
|
|a Havasi, Péter,
|d 1950-
|4 aut
|9 473075
|
| 245 |
1 |
0 |
|a Támogatás a gyermekvasút fejlesztésére
|c Havasi Péter
|
| 300 |
|
|
|b Fotografie
|
| 336 |
|
|
|a text
|b txt
|2 rdacontent
|
| 337 |
|
|
|a bez média
|b n
|2 rdamedia
|
| 338 |
|
|
|a zväzok
|b nc
|2 rdacarrier
|
| 610 |
2 |
7 |
|a Detská železnica (Košice, Slovensko)
|2 kevkjb
|9 94338
|
| 610 |
2 |
7 |
|a Košická detská historická železnica (Košice, Slovensko)
|2 kevkjb
|9 168641
|
| 650 |
0 |
7 |
|a detské železnice
|2 kevkjb
|9 29845
|
| 651 |
|
7 |
|a Košice (Slovensko)
|2 kevkjb
|9 18694
|
| 773 |
0 |
|
|t Kassai Figyelő
|g Évf. XVI, sz. 4 (2018), o. 5
|x 1339-0945
|
| 852 |
|
|
|a KEVKJB
|b KIS3GCP
|
| 958 |
|
|
|a HU
|
| 999 |
|
|
|c 1787513
|d 1789443
|